000 00328nam a22001097a 4500
999 _c15067
_d15067
008 200304b ||||| |||| 00| 0 eng d
245 _acatholic priests burn Harry Potter books in Poland.
260 _aPhilippines;
_bManila Bulletin,
_c©2019.
300 _apage 7;
_c29.5cm.
650 _aBooks-Reading.
_941776
942 _2ddc
_cPER